000 01126nam a2200301 a 4500
001 24867
003 CO-ViMGA
005 20230915232022.0
008 141112s2004 ck r 000 u spa d
020 _a9786077072034
040 _aCO-ViMGA
_bspa
_cCO-ViMGA
041 _aspa
082 0 4 _a621.317 B15e
100 1 _aBallester, Eduard.
_937178
245 1 0 _aElectrónica de potencia :
_bprincipios fundamentales y estructuras básicas /
_cEduard Ballester, Robert Piqué.
260 _aMéxico :
_bAlfaomega :
_bMarcombo Ediciones Técnicas,
_c2012.
300 _axi, 661 p. : il. ; 23 cm.
490 _aElectrónica. Potencia
504 _aIncluye bibliografía.
650 1 4 _aConvertidores de corriente eléctrica.
_952307
650 1 4 _aElectrónica de potencia.
_913298
650 1 4 _aRectificadores de corriente eléctrica.
_937179
650 1 4 _aSemiconductores.
_99960
650 1 4 _aTransistores de potencia.
_912392
700 1 _aPiqué, Robert.
_937180
852 _10.688.30
942 _2ddc
_cBK
999 _c32666
_d32666